| 000 | 00664nam a2200229Ia 4500 | ||
|---|---|---|---|
| 003 | OSt | ||
| 005 | 20220928104240.0 | ||
| 006 | a|||||r|||| 00| 0 | ||
| 007 | ta | ||
| 008 | 220927b |||||||| |||| 00| 0 eng d | ||
| 024 | _a50263 | ||
| 037 | _cTextual | ||
| 040 |
_aSDCL _cSDCL _beng |
||
| 041 |
_2eng _aeng |
||
| 082 | _aV73:19(zT)'N7, L7 | ||
| 100 |
_aRay Jayanta Kumar _9409827 |
||
| 245 | 0 |
_aPublic policy and global reality _b Some aspects of American policy |
|
| 260 |
_aNew Delhi _bRadiant Publishers _c1977 |
||
| 300 |
_a275p _ccm. |
||
| 942 |
_hV73:19(zT)'N7, L7 _cTEXL _2CC |
||
| 999 |
_c725393 _d725393 |
||